Ultimate visual dictionary: (Record no. 179015)

MARC details
000 -LEADER
fixed length control field 00542nam a22001817a 4500
005 - DATE AND TIME OF LATEST TRANSACTION
control field 20210512112627.0
010 ## - LCCN (DPL NO)
LC control number B-739914
020 ## - INTERNATIONAL STANDARD BOOK NUMBER
International Standard Book Number 9780143030126
Terms of availability 1440.00
035 ## - SYSTEM CONTROL NUMBER
System control number B-739914
037 ## - SOURCE OF ACQUISITION
Source of stock number/acquisition Gift
082 ## - DEWEY DECIMAL CLASSIFICATION NUMBER
Classification number 500.03
245 ## - TITLE STATEMENT
Title Ultimate visual dictionary:
Remainder of title 21st century supplement
260 ## - PUBLICATION, DISTRIBUTION, ETC. (IMPRINT)
Place of publication, distribution, etc London
Name of publisher, distributor, etc Dorling Kindersley
300 ## - PHYSICAL DESCRIPTION
Extent 640p.:
Other physical details ill.
Dimensions 24cm(Hb)
500 ## - GENERAL NOTE
General note include index
942 ## - ADDED ENTRY ELEMENTS (KOHA)
Source of classification or shelving scheme Dewey Decimal Classification
Item type English Books
Classification part 500.03
Call number suffix ULT
Holdings
Withdrawn status Lost status Not for loan Collection code Home library Current library Date acquired Source of acquisition Cost, normal purchase price Full call number Barcode Copy number Cost, replacement price Koha item type Public note
      Non-fiction Ashok Vihar Ashok Vihar 12/05/2021 Gift/Eng/03-05-2021 1440.00 500.03 ULT B-739914 1 1440.00 English Books Gift

© Delhi Public Library
Hit Counter
free hit counter